| 000 | 01171cam a2200301 4500 | ||
|---|---|---|---|
| 001 | M70 | ||
| 008 | 090401t1990 xxu||||| |||| 00| 0 eng d | ||
| 022 | _a1369-5630 | ||
| 035 | _a(Sirsi) u39636 | ||
| 041 | _aeng | ||
| 050 |
_a692.8 _c18 |
||
| 090 | _aRICS 1990/100ABC | ||
| 110 |
_aRoyal Institution of Chartered Surveyors _94900 |
||
| 245 |
_aSurvey of building contracts in use in 1989 _bprepared for the Quantity Surveyors Division of the RICS, October 1990 |
||
| 250 | _a4th ed. | ||
| 260 |
_a[S.l.] _b[s.n.] _c1990 |
||
| 300 |
_a11p. _c30cm. |
||
| 490 |
_aContracts in Use _v1989 |
||
| 650 | _aBUILT ENVIRONMENT-BUILDING CONTRACT FORMS-STANDARD FORMS OF BUILDING CONTRACT-GC/WORKS CONTRACTS | ||
| 650 | _aBUILT ENVIRONMENT-BUILDING CONTRACT FORMS-STANDARD FORMS OF BUILDING CONTRACT-INSTITUTION OF CIVIL ENGINEERS CONTRACTS | ||
| 650 | _aBUILT ENVIRONMENT-BUILDING CONTRACT FORMS-STANDARD FORMS OF BUILDING CONTRACT-JOINT CONTRACTS TRIBNUAL CONTRACTS | ||
| 690 | _aBUILT ENVIRONMENT-BUILDING CONTRACT FORMS | ||
| 700 | _aBound, Chris | ||
| 700 | _aMorrison, Neil | ||
| 710 |
_aDavis Langdon and Everest _91155 |
||
| 942 | _n0 | ||
| 948 | _c04/03/1997 | ||
| 999 |
_c90819 _d90819 |
||